Filosofía del derecho
Gardado en:
| Autor Principal: | |
|---|---|
| Formato: | Libro |
| Idioma: | Lingua castelá |
| Publicado: |
Buenos Aires
Jurídicas Europa-América
1961
|
| Series: | Breviarios de derecho, 47
|
| Subjects: | |
| Tags: |
Engadir etiqueta
Sen Etiquetas, Sexa o primeiro en etiquetar este rexistro!
|
MARC
| LEADER | 00000nam a2200000 a 4500 | ||
|---|---|---|---|
| 001 | UCV1564 | ||
| 003 | CL-VaPUC | ||
| 008 | 900823e19610000AG |||||||||||||||||spa|d | ||
| 082 | 0 | 4 | |a 340.1 |b CES |2 21 |
| 100 | 0 | |a Cesarini Sforza, W |e author |9 295836 | |
| 245 | 1 | 0 | |a Filosofía del derecho |
| 300 | |a 305 p | ||
| 942 | |c BK | ||
| 945 | |d 19900823 00:00:00 | ||
| 260 | |a Buenos Aires |b Jurídicas Europa-América |c 1961 | ||
| 650 | 0 | |a Filosofía del derecho |9 255050 | |
| 583 | |a last modification |c 19900823 00:00:00 |k Rodrigo Vera | ||
| 490 | 0 | |a Breviarios de derecho, 47 | |
| 999 | |c 209490 |d 209488 | ||
| 952 | |0 0 |1 0 |4 0 |6 340_100000000000000_CES_1961 |7 0 |8 DER_TF |9 184917 |a BIBDER |b BIBDER |d 2019-11-14 |i 2522381 |l 1 |o 340.1 CES 1961 |p 2522381 |r 2023-01-25 |s 2020-03-18 |w 2019-11-14 |x Ubicación 4to Piso |y BK |z Estos recursos deben solicitarse con anticipación |k DER | ||